Tilastot visalle Helsingin kirkot

Klikkaa tästä pelataksesi tätä visaa!

Yleistilastot

  • Tätä visaa on pelattu 13 kertaa
  • Keskiarvotulos 11 / 57

Vastaustilastot

ValmistumisvuosiKirkko% Oikein
1852{Helsingin tuomio}kirkko
92%
1891{Johanneksen}kirkko
54%
1912{Kallion}kirkko
54%
1930{Töölön} kirkko
54%
1988{Mikaelin}kirkko
46%
1968{Temppeliaukion} kirkko
46%
1826{Vanha} kirkko
46%
1958{Lauttasaaren} kirkko
38%
1981{Malmin} kirkko
38%
1868{Uspenskin} katedraali
38%
2005{Viikin} kirkko
38%
2003{Laajasalon} kirkko
31%
1972{Oulunkylän} kirkko
31%
1905{Oulunkylän puu}kirkko
31%
1864{Saksalainen} kirkko
31%
1980{Vuosaaren} kirkko
31%
1958{Herttoniemen} kirkko
23%
1968{Kannelmäen} kirkko
23%
1930{Käpylän} kirkko
23%
1980{Maunulan} kirkko
23%
1954{Meilahden} kirkko
23%
1935{Mikael Agricolan} kirkko
23%
1959{Pitäjänmäen} kirkko
23%
1960{Puistolan} kirkko
23%
1854{Suomenlinnan} kirkko
23%
1958{Vartiokylän} kirkko
23%
1908{Huopalahden} kirkko
15%
1950{Hyvän Paimenen} kirkko
15%
1914{Koskelan} kirkko
15%
1985{Matteuksen}kirkko
15%
1963{Munkkivuoren} kirkko
15%
1992{Myllypuron} kirkko
15%
1930{Paavalin}kirkko
15%
1826{Pyhän Kolminaisuuden} kirkko
15%
1970{Roihuvuoren} kirkko
15%
1957{Tapanilan} kirkko
15%
1957{Alppilan} kirkko
8%
1894{Luther-}kirkko
8%
1954{Munkkiniemen} kirkko
8%
1932{Olaus Petrin} kirkko
8%
1976{Pihlajamäen} kirkko
8%
1860{Pyhän Henrikin} katedraali
8%
1954{Pyhän Marian} kirkko
8%
1800-luvun loppu{Andreas}kirkko
0%
1898{Diakonissalaitoksen} kirkko
0%
1963{Hakavuoren} kirkko
0%
1680-luku{Karunan vanha} kirkko
0%
1928{Kristus}kyrkan
0%
1935{Kulosaaren} kirkko
0%
1900{Lähetys}kirkko
0%
1754{Östersundomin} kirkko
0%
1938{Pyhän Nikolauksen} kirkko
0%
1977{Saalem-}temppeli
0%
1958{St. Jacobs} kyrka
0%
1966{Tammisalon} kirkko
0%
1954{Tuomaan} kirkko
0%
2009{Vuosaaren Merimies}kirkko
0%

Tulosjakauma

Persentiili vastausten määrän mukaan

Jokaisen tuloksen saaneiden osuus

Tuloshistoriasi

Et ole pelannut tätä visaa